Datum a čas kvízu
32.5
Celkem bodů
Celkový počet nahraných bodů na tomto kvízu bez doplňovacích otázek.
3.
Pořadí na kvízu
Konečné umístění týmu na tomto kvízu.
Zaznamenané odpovědi
| # | Otázka | Odpověď | Body | Výsledky |
|---|---|---|---|---|
| 1. | Velmi netradiční problém musel... | bobr | 0 | |
| 2. | Překvapení minulý týden neskrý... | policie | 1 | |
| 3. | Pořadatelé filmového festivalu... | George Lucas | 1 | |
| 4. | Patříte-li mezi zákazníky inte... | fialová | 1 | |
| 5. | MMA zápasník Jiří Procházka si... | Las Vegas, Aleksandar Rakić | 1 | |
| 6. | V pěti otázkách tohoto tématu... | fyziologický roztok | 0 | |
| 7. | Jaká je denní dávka kuchyňské... | B | 1 | |
| 8. | Po kterém vzácném minerálu se... | po diamantu | 0 | |
| 9. | Jak zní obchodní název takzvan... | Praganda | 0 | |
| 10. | Chcete-li si užít blahodárného... | D) Bad Ischl | 1 |